Química: enfoque ecológico
Збережено в:
| Автор: | |
|---|---|
| Формат: | Книга |
| Мова: | Іспанська |
| Опубліковано: |
Ciudad de México
Limusa
1989
|
| Предмети: | |
| Теги: |
Додати тег
Немає тегів, Будьте першим, хто поставить тег для цього запису!
|
MARC
| LEADER | 00000nam a2200000 a 4500 | ||
|---|---|---|---|
| 001 | UCW2650 | ||
| 003 | CL-VaPUC | ||
| 008 | 901204e19890000MX |||||||||||||||||spa|d | ||
| 082 | 0 | 4 | |a 577.14 |b DIC |2 21 |
| 100 | 0 | |a Dickson, T. R |e author |9 306914 | |
| 245 | 1 | 0 | |a Química: enfoque ecológico |
| 300 | |a 406 p | ||
| 942 | |c BK | ||
| 945 | |d 19901204 00:00:00 | ||
| 260 | |a Ciudad de México |b Limusa |c 1989 | ||
| 650 | 7 | |a QUIMICA DEL MEDIO AMBIENTE |2 CL-VaPUC |9 306783 | |
| 583 | |a last modification |c 19901204 00:00:00 |k Rodrigo Vera | ||
| 999 | |c 217154 |d 217152 | ||
| 952 | |0 0 |1 0 |4 0 |6 577_140000000000000_DIC_1989 |7 0 |8 A |9 203866 |a BIBCUR |b BIBCUR |d 2019-11-15 |i 3327221 |o 577.14 DIC 1989 |p 3327221 |r 2025-04-22 |w 2019-11-15 |y BK |k BAC | ||
| 952 | |0 0 |1 0 |4 0 |6 577_140000000000000_DIC_1989 |7 0 |8 A |9 203867 |a BIBCUR |b BIBCUR |d 2019-11-15 |i 332723K |o 577.14 DIC 1989 |p 332723K |r 2025-04-22 |w 2019-11-15 |y BK |k BAC | ||
| 952 | |0 0 |1 0 |4 0 |6 577_140000000000000_DIC_1989 |7 0 |8 A |9 203868 |a BIBCUR |b BIBCUR |d 2019-11-15 |i 3327248 |o 577.14 DIC 1989 |p 3327248 |r 2025-04-22 |w 2019-11-15 |y BK |k BAC | ||